Giáo trình luật lao động Việt Nam
Wedi'i Gadw mewn:
| Prif Awdur: | |
|---|---|
| Fformat: | Llyfr |
| Iaith: | Undetermined |
| Cyhoeddwyd: |
Hà Nội
Công an nhân dân
2007
|
| Pynciau: | |
| Tagiau: |
Ychwanegu Tag
Dim Tagiau, Byddwch y cyntaf i dagio'r cofnod hwn!
|
| Thư viện lưu trữ: | Trung tâm Học liệu Trường Đại học Cần Thơ |
|---|
| LEADER | 00638nam a2200205Ia 4500 | ||
|---|---|---|---|
| 001 | CTU_131076 | ||
| 008 | 210402s9999 xx 000 0 und d | ||
| 020 | |c 24000 | ||
| 082 | |a 344.59701 | ||
| 082 | |b H561 | ||
| 100 | |a Chu, Thanh Hưởng | ||
| 245 | 0 | |a Giáo trình luật lao động Việt Nam | |
| 245 | 0 | |c Chu Thanh Hưởng chủ biên | |
| 260 | |a Hà Nội | ||
| 260 | |b Công an nhân dân | ||
| 260 | |c 2007 | ||
| 650 | |a Labor laws and legislation | ||
| 650 | |z Vietnam | ||
| 904 | |i Nguyên (Tuyến sửa cutter Gi108 thành H561) | ||
| 980 | |a Trung tâm Học liệu Trường Đại học Cần Thơ | ||